Formula One Trivia - Statistics

General Stats
  • This quiz has been taken 5 times
  • The average score is 7 of 15
Answer Stats
Hint Answer % Correct
Who saved Erik Comas's life in the 1992 Belgian GP? Ayrton Senna
100%
Who gave David Coulthard a spare helmet because Coulthard's helmet kept fogging up during the rain? Michael Schumacher
80%
How many weeks did it take Lauda to recover from his injuries from the 1976 German GP 6
60%
Who was the first multiple F1 world champion Alberto Ascari
60%
Who won the first ever race? Giuseppe Farina
60%
Who was the first British F1 world champion? Mike Hawthorn
60%
Which driver survived with only burns from a fireball crash at the Bahrain GP in 2020 Romain Grosjean
60%
What was the track? Silverstone
60%
What was the opening race of the 2020 season Austria
40%
Who was the last driver not to be in the same GP as Lewis Hamilton. Jack Aitken
40%
Which Driver crashed out heavily in a GP in 2007 only to win it at the next edition Robert Kubica
40%
Which driver got involved in a serious crash in 1994 San Marino GP and survived? Rubens Barrichello
40%
Who saved their life? Sid Watkins
20%
Where was the most incorrect podium hosted? 2003 Brazil
0%
Who had to be told to steer and turn their car after going off in Baku (F2) Mahaveer Raghunathan
0%
No matching quizzes found
Score Distribution
Percent of People with Each Score
Percentile by Number Answered
Your Score History
You have not taken this quiz